[Event "Championnat de France - Veterans"]
[Site "Belfort - SNPHHUATVS"]
[Date "2010.??.??"]
[Round "1.1"]
[White "Goldenberg, Richard"]
[Black "Delhom, Raoul"]
[Result "1-0"]
[WhiteElo "2356"]
[BlackElo "1779"]
[PlyCount "37"]

1. Nf3 Nf6 2. c4 g6 3. d4 Bg7 4. Nc3 d6 5. Bg5 O-O 6. e3 Nbd7 7. Qc2 c6 8. Be2
Qc7 9. O-O e5 10. Rfd1 Re8 11. Rac1 a6 12. b4 b5 13. cxb5 cxb5 14. a4 bxa4 15.
Qxa4 Qb8 16. dxe5 dxe5 17. Bxf6 Nxf6 18. Nd5 Rf8 19. Ne7+ 1-0

[Event "Championnat de France - Veterans"]
[Site "Belfort - SNPHHUATVS"]
[Date "2010.??.??"]
[Round "1.2"]
[White "Duval, Michel"]
[Black "Letzelter, Jean-Claude"]
[Result "0-1"]
[WhiteElo "1773"]
[BlackElo "2165"]
[PlyCount "80"]

1. e4 e5 2. Nf3 d6 3. d4 Nd7 4. dxe5 dxe5 5. Bc4 c6 6. O-O Be7 7. Nc3 b5 8. Bd3
a6 9. Ne2 Bf6 10. Ng3 g6 11. Be3 h5 12. h3 Bb7 13. c4 Ne7 14. Qc2 O-O 15. Rac1
b4 16. c5 a5 17. Qb3 Kg7 18. Rfd1 Qc7 19. Nf1 Rfb8 20. Bc4 Bc8 21. a4 bxa3 22.
Qxa3 Nf8 23. Bg5 Ng8 24. Bxf6+ Nxf6 25. Ng3 Rb4 26. b3 Be6 27. Rd6 Bxc4 28.
Rxc4 Rxc4 29. bxc4 N6d7 30. Ng5 Re8 31. Nxh5+ gxh5 32. Qg3 Ng6 33. Nxf7 Ndf8
34. Ng5 a4 35. Qf3 Qe7 36. Qxh5 a3 37. Rxg6+ Nxg6 38. Qh7+ Kf6 39. Qh5 a2 40.
Qf3+ Nf4 0-1

[Event "Championnat de France - Veterans"]
[Site "Belfort - SNPHHUATVS"]
[Date "2010.??.??"]
[Round "1.3"]
[White "Negre, Albert"]
[Black "Banet, Jean"]
[Result "1-0"]
[WhiteElo "2098"]
[BlackElo "1772"]
[PlyCount "51"]

1. d4 g6 2. e4 c6 3. f4 d5 4. e5 h5 5. Be2 Nh6 6. Nc3 Bf5 7. h3 e6 8. Nf3 Bg7
9. Ng5 f6 10. exf6 Qxf6 11. g4 Be4 12. Ncxe4 dxe4 13. Be3 hxg4 14. hxg4 Nd7 15.
Qd2 Nb6 16. c4 Nxg4 17. Rxh8+ Bxh8 18. Bxg4 Nxc4 19. Qc3 Nxe3 20. Qxe3 Qxd4 21.
Qxd4 Bxd4 22. Nxe6 Bb6 23. Ke2 Ke7 24. Rh1 Rb8 25. Rh7+ Kf6 26. Ng5 1-0

[Event "Championnat de France - Veterans"]
[Site "Belfort - SNPHHUATVS"]
[Date "2010.??.??"]
[Round "1.4"]
[White "Dubs, Gerard"]
[Black "Nemety, Laszlo"]
[Result "0-1"]
[WhiteElo "1770"]
[BlackElo "2091"]
[PlyCount "48"]

1. c4 e6 2. Nc3 d5 3. cxd5 exd5 4. d3 d4 5. Ne4 f5 6. Nd2 Nf6 7. g3 Bd6 8. Ngf3
f4 9. Qa4+ Nc6 10. Bg2 fxg3 11. fxg3 Bb4 12. Ne5 Bd7 13. Nxd7 Qxd7 14. a3 Be7
15. Bxc6 bxc6 16. O-O O-O 17. Nf3 c5 18. Qc4+ Qd5 19. Qc2 Qh5 20. Kg2 Bd6 21.
e4 Ng4 22. h3 Ne5 23. g4 Nxg4 24. Qe2 Ne5 0-1

[Event "Championnat de France - Veterans"]
[Site "Belfort - SNPHHUATVS"]
[Date "2010.??.??"]
[Round "1.5"]
[White "Hoyer, Hans-Gerd"]
[Black "Mercier, Pierre"]
[Result "1-0"]
[WhiteElo "2078"]
[BlackElo "1765"]
[PlyCount "49"]

1. e4 c5 2. Nf3 d6 3. d3 g6 4. g3 Bg7 5. Bg2 Nc6 6. O-O e6 7. Nbd2 Nge7 8. c3
O-O 9. Re1 Rb8 10. Nf1 b5 11. Be3 b4 12. Qd2 bxc3 13. bxc3 Qa5 14. Rac1 Bd7 15.
h4 Qa3 16. d4 Rb2 17. Rc2 Rfb8 18. Rec1 c4 19. Bh6 Nd8 20. Bxg7 Kxg7 21. Ne3
Ba4 22. Nxc4 Rxc2 23. Rxc2 Bxc2 24. Nxa3 Bxe4 25. Qf4 1-0

[Event "Championnat de France - Veterans"]
[Site "Belfort - SNPHHUATVS"]
[Date "2010.??.??"]
[Round "1.7"]
[White "Birens, Eric-Andre"]
[Black "Blum, Pierre"]
[Result "1-0"]
[WhiteElo "2024"]
[BlackElo "1759"]
[PlyCount "41"]

1. d4 Nf6 2. c4 e5 3. dxe5 Ng4 4. e4 Nxe5 5. f4 Nbc6 6. Be3 Ng6 7. Nf3 Bb4+ 8.
Nbd2 Qe7 9. Bd3 d6 10. O-O O-O 11. a3 Bc5 12. Bxc5 dxc5 13. g3 Bg4 14. Qc2 Rad8
15. e5 Qd7 16. Be4 Nd4 17. Nxd4 Qxd4+ 18. Rf2 b6 19. Kg2 Qe3 20. Nf1 Qd4 21.
Rd2 1-0

[Event "Championnat de France - Veterans"]
[Site "Belfort - SNPHHUATVS"]
[Date "2010.??.??"]
[Round "1.8"]
[White "Diaferia, Joseph"]
[Black "Degrave, Jack"]
[Result "0-1"]
[WhiteElo "1757"]
[BlackElo "2003"]
[PlyCount "62"]

1. e4 e6 2. d4 d5 3. Nd2 dxe4 4. Nxe4 Nf6 5. Nxf6+ Qxf6 6. Nf3 h6 7. c3 c5 8.
Be3 Nd7 9. Be2 Be7 10. Qd2 O-O 11. O-O Rd8 12. Qc1 cxd4 13. Bxd4 e5 14. Be3 b6
15. Nd2 Bb7 16. Bf3 Bxf3 17. Nxf3 Nc5 18. Qc2 g5 19. g3 Qxf3 20. Rfe1 Nd3 21.
Qe2 Nxe1 22. Rxe1 Qxe2 23. Rxe2 Rd1+ 24. Kg2 Rad8 25. f4 exf4 26. gxf4 gxf4 27.
Bxf4 Bg5 28. Bc7 R8d2 29. Kf2 Rxe2+ 30. Kxe2 Rd2+ 31. Kf3 Rxb2 0-1

[Event "Championnat de France - Veterans"]
[Site "Belfort - SNPHHUATVS"]
[Date "2010.??.??"]
[Round "1.9"]
[White "Fallet, Didier"]
[Black "Bernieri, Francois"]
[Result "1-0"]
[WhiteElo "2000"]
[BlackElo "1746"]
[PlyCount "69"]

1. c4 Nf6 2. Nc3 g6 3. g3 c6 4. Bg2 Bg7 5. d4 d5 6. Nf3 O-O 7. O-O Re8 8. Ne5
Ng4 9. Nxg4 Bxg4 10. h3 Be6 11. cxd5 Bxd5 12. Nxd5 cxd5 13. e3 e6 14. Bd2 Nc6
15. Rc1 Rc8 16. Qa4 Qb6 17. Rc2 Re7 18. Rfc1 Rec7 19. Bf1 a6 20. b4 Na7 21.
Rxc7 Rxc7 22. Qe8+ Bf8 23. b5 Rxc1 24. Bxc1 Nxb5 25. e4 Qc6 26. Qxc6 bxc6 27.
a4 Nc7 28. Bf4 Na8 29. Bxa6 c5 30. Bb7 Nb6 31. a5 Nd7 32. a6 Nb6 33. Bc7 cxd4
34. Bxb6 d3 35. Kf1 1-0

[Event "Championnat de France - Veterans"]
[Site "Belfort - SNPHHUATVS"]
[Date "2010.??.??"]
[Round "1.10"]
[White "Raggini, Bernard"]
[Black "Tholey, Jean-Paul"]
[Result "0-1"]
[WhiteElo "1744"]
[BlackElo "1998"]
[PlyCount "56"]

1. e4 c5 2. Nf3 a6 3. d4 cxd4 4. Nxd4 Nf6 5. Nc3 e5 6. Nb3 Bb4 7. Bd3 d5 8.
exd5 Qxd5 9. O-O Bxc3 10. bxc3 O-O 11. Re1 Nbd7 12. c4 Qc6 13. Nd2 Re8 14. f3
Nc5 15. Bb2 Nxd3 16. cxd3 Qb6+ 17. Kh1 Qxb2 18. Re2 Bf5 19. Ne4 Qd4 20. Rb1
Rad8 21. Rd2 Bxe4 22. fxe4 Nxe4 23. dxe4 Qxd2 24. Qa4 b5 25. cxb5 axb5 26. Qb3
b4 27. Rf1 Re7 28. h3 Qd3 0-1

[Event "Championnat de France - Veterans"]
[Site "Belfort - SNPHHUATVS"]
[Date "2010.??.??"]
[Round "2.1"]
[White "Marbot, Raymond"]
[Black "Goldenberg, Richard"]
[Result "0-1"]
[WhiteElo "1882"]
[BlackElo "2356"]
[PlyCount "120"]

1. e4 g6 2. d4 Bg7 3. Nc3 d6 4. Be3 a6 5. Qd2 Nd7 6. f3 b5 7. Nh3 c5 8. Nf2 b4
9. Ne2 a5 10. a3 Ba6 11. axb4 axb4 12. Ng3 Bxf1 13. Rxa8 Qxa8 14. Nxf1 Ngf6 15.
Ng3 Qa1+ 16. Nd1 Qa6 17. Ne2 O-O 18. O-O Ra8 19. Nf2 Qc4 20. b3 Qb5 21. Qd3 Qb7
22. Rd1 cxd4 23. Nxd4 d5 24. Qb5 Qxb5 25. Nxb5 dxe4 26. Nxe4 Nxe4 27. fxe4 Nf6
28. Nc7 Rc8 29. Nd5 Nxd5 30. Rxd5 h5 31. Rc5 Ra8 32. Rc4 Bc3 33. Bd4 Bxd4+ 34.
Rxd4 Rc8 35. Rd2 Kg7 36. Kf2 Kf6 37. Ke3 e6 38. Rf2+ Ke5 39. Kd3 Rc3+ 40. Kd2
f6 41. Re2 h4 42. Ke1 g5 43. Kd2 g4 44. Re3 Rc7 45. c4 Ra7 46. Ke2 Ra2+ 47. Kf1
Kd4 48. Re2 Rxe2 49. Kxe2 Kxe4 50. Kd2 e5 51. Ke2 f5 52. Kd2 f4 53. Ke2 Kd4 54.
Kf2 e4 55. Ke2 e3 56. Ke1 f3 57. gxf3 gxf3 58. h3 Kd3 59. c5 e2 60. Kf2 Kd2 0-1

[Event "Championnat de France - Veterans"]
[Site "Belfort - SNPHHUATVS"]
[Date "2010.??.??"]
[Round "2.2"]
[White "Letzelter, Jean-Claude"]
[Black "Gibson, John"]
[Result "1-0"]
[WhiteElo "2165"]
[BlackElo "1871"]
[PlyCount "89"]

1. e4 d6 2. d4 Nf6 3. Nc3 Nbd7 4. f4 e5 5. Nf3 exd4 6. Qxd4 c6 7. a4 d5 8. exd5
Bc5 9. Qd3 O-O 10. Be2 Qe7 11. Bd2 Re8 12. O-O-O h6 13. Rhe1 Bf2 14. Rf1 Nc5
15. Qc4 Nfe4 16. Nxe4 Nxe4 17. Bb4 Be3+ 18. Kb1 c5 19. Ne5 Nd6 20. Bxc5 Bxc5
21. Qxc5 Bf5 22. Bd3 Rac8 23. Qb4 Qc7 24. Bxf5 Nxf5 25. Qb3 Nd6 26. Rd3 Qa5 27.
Rd4 Re7 28. Nc4 Qa6 29. Nd2 Re2 30. Rg1 Rce8 31. Nf3 R8e3 32. Qb4 Nf5 33. Rdd1
Nd6 34. b3 Ne4 35. d6 Nc3+ 36. Qxc3 Rxc3 37. d7 Rxb3+ 38. cxb3 Qg6+ 39. Ka1
Qf6+ 40. Ne5 Qd8 41. Rd4 f6 42. Rc1 Kh7 43. Rc8 Qe7 44. Rh8+ Kxh8 45. Ng6+ 1-0

[Event "Championnat de France - Veterans"]
[Site "Belfort - SNPHHUATVS"]
[Date "2010.??.??"]
[Round "2.3"]
[White "Maury, Claude"]
[Black "Negre, Albert"]
[Result "0-1"]
[WhiteElo "1860"]
[BlackElo "2098"]
[PlyCount "54"]

1. e4 e5 2. Nf3 Nc6 3. d4 exd4 4. c3 dxc3 5. Nxc3 Bb4 6. Bd2 d6 7. Bc4 Nf6 8.
Qb3 O-O 9. Bg5 h6 10. Bh4 Qe7 11. O-O-O Bxc3 12. Qxc3 Qxe4 13. Bg3 Qg6 14. Bd3
Qh5 15. h3 Be6 16. Bh2 Qa5 17. Qxa5 Nxa5 18. b3 Nc6 19. Rhg1 Nd5 20. Kb2 a5 21.
a4 Ndb4 22. Bb1 Rab8 23. Nd4 Nxd4 24. Rxd4 b5 25. axb5 Rxb5 26. Rc1 Rfb8 27.
Rxc7 Nd5 0-1

[Event "Championnat de France - Veterans"]
[Site "Belfort - SNPHHUATVS"]
[Date "2010.??.??"]
[Round "2.4"]
[White "Nemety, Laszlo"]
[Black "Flamant, Jacky"]
[Result "1/2-1/2"]
[WhiteElo "2091"]
[BlackElo "1852"]
[PlyCount "52"]

1. Nc3 d5 2. d4 Nf6 3. e3 Bf5 4. Nge2 e6 5. Nf4 c6 6. Be2 Bd6 7. O-O h6 8. Nh5
Nxh5 9. Bxh5 Qc7 10. g3 Nd7 11. Bf3 Nf6 12. Bg2 O-O-O 13. Re1 h5 14. e4 dxe4
15. Nxe4 Nxe4 16. Bxe4 h4 17. Qf3 hxg3 18. fxg3 Bxe4 19. Rxe4 Rh3 20. Bf4 Rdh8
21. Re2 Bxf4 22. Qxf4 Qxf4 23. gxf4 Rf3 24. Rf1 Rxf1+ 25. Kxf1 Rh5 26. Rf2 Kd7
1/2-1/2

[Event "Championnat de France - Veterans"]
[Site "Belfort - SNPHHUATVS"]
[Date "2010.??.??"]
[Round "2.5"]
[White "Carrot, Patrick"]
[Black "Hoyer, Hans-Gerd"]
[Result "0-1"]
[WhiteElo "1835"]
[BlackElo "2078"]
[PlyCount "70"]

1. e4 g6 2. d4 Bg7 3. Nf3 d6 4. Nc3 a6 5. Be3 b5 6. a3 Bb7 7. Qd2 Nd7 8. Rd1
Rc8 9. h3 Nb6 10. Be2 e6 11. O-O Nf6 12. e5 Ne4 13. Nxe4 Bxe4 14. Ng5 Bd5 15.
f4 Nc4 16. Qc1 h6 17. Nf3 Nxe3 18. Qxe3 O-O 19. Rc1 c5 20. c4 cxd4 21. Qxd4
Bxf3 22. Bxf3 Rxc4 23. Rxc4 bxc4 24. Qxc4 Qb6+ 25. Rf2 dxe5 26. Kf1 exf4 27. b4
Bd4 28. Re2 Be3 29. g3 fxg3 30. Kg2 Bf2 31. Be4 Kh7 32. Bd3 Ra8 33. Re5 Bg1 34.
Kxg3 Qf2+ 35. Kg4 f5+ 0-1

[Event "Championnat de France - Veterans"]
[Site "Belfort - SNPHHUATVS"]
[Date "2010.??.??"]
[Round "2.7"]
[White "Chabeaud, Jean-Jacques"]
[Black "Birens, Eric-Andre"]
[Result "0-1"]
[WhiteElo "1823"]
[BlackElo "2024"]
[PlyCount "56"]

1. d4 Nf6 2. Nf3 c5 3. d5 g6 4. Nc3 e6 5. Bg5 Bg7 6. e4 h6 7. Be3 exd5 8. exd5
d6 9. h3 O-O 10. Be2 Re8 11. O-O a6 12. a4 Nbd7 13. a5 b5 14. Qc1 b4 15. Nb1
Nxd5 16. Bc4 Nxe3 17. fxe3 Nf6 18. c3 d5 19. Be2 bxc3 20. Nxc3 Qe7 21. Nd1 d4
22. exd4 Qxe2 23. Qxc5 Be6 24. Re1 Qc4 25. b4 Rac8 26. Qxc4 Rxc4 27. Rb1 Rb8
28. Ne5 Rcxb4 0-1

[Event "Championnat de France - Veterans"]
[Site "Belfort - SNPHHUATVS"]
[Date "2010.??.??"]
[Round "2.8"]
[White "Degrave, Jack"]
[Black "Molet, Asher"]
[Result "0-1"]
[WhiteElo "2003"]
[BlackElo "1830"]
[PlyCount "58"]

1. d4 d5 2. e3 Bf5 3. Bd3 e6 4. f4 Nf6 5. Nf3 Nbd7 6. O-O Bd6 7. Ne5 O-O 8. c3
h6 9. Qc2 Bxd3 10. Qxd3 Ne4 11. Nxd7 Qxd7 12. Nd2 f5 13. Nxe4 fxe4 14. Qe2 c5
15. Bd2 c4 16. Be1 Qe7 17. Qg4 Qf6 18. Bh4 Qf5 19. Qe2 h5 20. h3 Qh7 21. Rf2 b5
22. Bg5 g6 23. g4 Kg7 24. gxh5 Qxh5 25. Qxh5 gxh5 26. Rg2 Kh7 27. Kh2 Rg8 28.
Rag1 Rg6 29. Kg3 Rxg5+ 0-1

[Event "Championnat de France - Veterans"]
[Site "Belfort - SNPHHUATVS"]
[Date "2010.??.??"]
[Round "2.9"]
[White "Jouhaneau, Jacques"]
[Black "Fallet, Didier"]
[Result "1-0"]
[WhiteElo "1819"]
[BlackElo "2000"]
[PlyCount "57"]

1. c4 c5 2. Nc3 Nc6 3. Nf3 Nf6 4. g3 g6 5. Bg2 Bg7 6. d3 O-O 7. O-O d5 8. cxd5
Nxd5 9. Bd2 Rb8 10. a3 b5 11. Rb1 a5 12. e3 Ba6 13. Nxd5 Qxd5 14. Nd4 Qd6 15.
Nxc6 Rb6 16. Nxa5 Qxd3 17. Bc3 b4 18. Bxg7 Kxg7 19. Re1 Qb5 20. axb4 cxb4 21.
Nb3 Rd6 22. Nd4 Qb6 23. Qb3 Rfd8 24. Rbc1 e5 25. Rc6 Qb8 26. Rxd6 Rxd6 27. Nc6
Qb5 28. Rc1 Bb7 29. Qxb4 1-0

[Event "Championnat de France - Veterans"]
[Site "Belfort - SNPHHUATVS"]
[Date "2010.??.??"]
[Round "2.10"]
[White "Tholey, Jean-Paul"]
[Black "Siberchicot, Robert"]
[Result "0-1"]
[WhiteElo "1998"]
[BlackElo "1820"]
[PlyCount "114"]

1. d4 e6 2. c4 Nf6 3. Nc3 d5 4. Nf3 Nbd7 5. Bg5 Be7 6. e3 O-O 7. Rc1 a6 8. Qc2
dxc4 9. Bxc4 b5 10. Bd3 Bb7 11. O-O h6 12. Bh4 c5 13. Ne4 c4 14. Nxf6+ Bxf6 15.
Bxf6 Nxf6 16. Be2 Be4 17. Qd2 Qd6 18. Ne5 Rfd8 19. Rfd1 Nd7 20. Bf3 Bxf3 21.
Nxf3 Nf6 22. Qc2 Qd5 23. b3 Rac8 24. bxc4 Rxc4 25. Qb2 Rdc8 26. Rxc4 Qxc4 27.
g3 Ne4 28. Ne1 Qc3 29. Qxc3 Rxc3 30. f3 Nd6 31. Rd3 Rxd3 32. Nxd3 a5 33. Kf2
Kf8 34. Ne5 Ke8 35. Ke2 f6 36. Nd3 Nb7 37. Kd2 g5 38. Nf2 h5 39. Ne4 Ke7 40.
Kd3 g4 41. f4 f5 42. Nc3 Nd6 43. d5 b4 44. Na4 exd5 45. Nc5 Nb5 46. Nb3 a4 47.
Nc5 a3 48. Kc2 Nc3 49. Kb3 Nd1 50. Kxb4 Nxe3 51. Kxa3 Nf1 52. Kb4 Nxh2 53. a4
Nf3 54. Nd3 h4 55. gxh4 g3 56. Nc1 Nd4 57. Kc5 g2 0-1

[Event "Championnat de France - Veterans"]
[Site "Belfort - SNPHHUATVS"]
[Date "2010.??.??"]
[Round "3.1"]
[White "Goldenberg, Richard"]
[Black "Tilquin, Jean-Pierre"]
[Result "1-0"]
[WhiteElo "2356"]
[BlackElo "1987"]
[PlyCount "43"]

1. Nf3 Nf6 2. c4 g6 3. Nc3 Bg7 4. d4 d5 5. Bf4 O-O 6. e3 c5 7. dxc5 Qa5 8. Rc1
dxc4 9. Bxc4 Qxc5 10. Bb3 Qa5 11. O-O Nc6 12. Qe2 Bg4 13. h3 Bxf3 14. Qxf3 e5
15. Bg3 e4 16. Nxe4 Nxe4 17. Qxe4 Bxb2 18. Rc2 Bg7 19. Rb1 Rad8 20. Bc4 Ne5 21.
Bf1 a6 22. Qxb7 1-0

[Event "Championnat de France - Veterans"]
[Site "Belfort - SNPHHUATVS"]
[Date "2010.??.??"]
[Round "3.2"]
[White "Cortes, Jaime"]
[Black "Letzelter, Jean-Claude"]
[Result "0-1"]
[WhiteElo "1948"]
[BlackElo "2165"]
[PlyCount "76"]

1. d4 e6 2. Nf3 f5 3. c4 Nf6 4. Nc3 Bb4 5. a3 Bxc3+ 6. bxc3 d6 7. e3 b6 8. Be2
Ne4 9. Bb2 O-O 10. O-O Qf6 11. Nd2 e5 12. f3 Nxd2 13. Qxd2 Rd8 14. Rad1 Nc6 15.
Bd3 Qe7 16. Qc2 Rf8 17. Bc1 Na5 18. e4 f4 19. a4 Be6 20. d5 Bd7 21. Bd2 Qe8 22.
Ra1 Nb7 23. Be2 a5 24. Rfb1 Nc5 25. Bd1 Rf6 26. Be1 Rh6 27. g4 fxg3 28. Bxg3
Qg6 29. Qe2 Rf8 30. Bc2 Bh3 31. Re1 Qh5 32. Bd1 Rhf6 33. Qe3 Qg6 34. Be2 h5 35.
Kh1 h4 36. Rg1 hxg3 37. Rxg3 Qh6 38. Qg1 Kh7 0-1

[Event "Championnat de France - Veterans"]
[Site "Belfort - SNPHHUATVS"]
[Date "2010.??.??"]
[Round "3.4"]
[White "Hoyer, Hans-Gerd"]
[Black "Dubreuil, Remy"]
[Result "1-0"]
[WhiteElo "2078"]
[BlackElo "1927"]
[PlyCount "83"]

1. e4 e6 2. d3 c5 3. Nf3 d5 4. Nbd2 Nf6 5. g3 b6 6. Bg2 Bb7 7. Qe2 Be7 8. O-O
O-O 9. e5 Nfd7 10. c3 Nc6 11. Re1 b5 12. a3 Qc7 13. h4 h6 14. Nf1 a5 15. Bf4 b4
16. N1h2 Kh7 17. Ng4 Qd8 18. Qd2 Rg8 19. Bxh6 Qf8 20. Bg5 f6 21. exf6 gxf6 22.
Bh6 Qf7 23. Ngh2 Qg6 24. Be3 e5 25. Qd1 Nd8 26. Bh3 Nf8 27. d4 e4 28. Nd2 Bc8
29. Bg2 f5 30. h5 Qc6 31. dxc5 Nde6 32. Bd4 bxc3 33. bxc3 Nxc5 34. c4 Be6 35.
cxd5 Bxd5 36. Nhf3 exf3 37. Rxe7+ Kh6 38. Nxf3 Rg4 39. Qc1+ Kxh5 40. Qxc5 Qxc5
41. Bxc5 Rc4 42. Be3 1-0

[Event "Championnat de France - Veterans"]
[Site "Belfort - SNPHHUATVS"]
[Date "2010.??.??"]
[Round "3.5"]
[White "Pinchon, Henri"]
[Black "Brongers, Henk"]
[Result "1/2-1/2"]
[WhiteElo "1901"]
[BlackElo "2062"]
[PlyCount "159"]

1. e4 c6 2. d4 d5 3. exd5 cxd5 4. Nf3 Nc6 5. c3 Bf5 6. Bd3 Bxd3 7. Qxd3 Nf6 8.
O-O e6 9. Re1 Bd6 10. Nbd2 Qc7 11. Nf1 a6 12. Qe2 O-O 13. h3 b5 14. a3 Na5 15.
N1d2 Rab8 16. Ne5 Nc4 17. Rb1 Nxd2 18. Bxd2 Ne4 19. Rbd1 a5 20. f3 Nxd2 21.
Rxd2 Bxe5 22. Qxe5 Qxe5 23. Rxe5 Rfc8 24. Ree2 Kf8 25. Kf2 Rc4 26. f4 b4 27.
axb4 axb4 28. cxb4 Rbxb4 29. Ke3 h5 30. g4 h4 31. g5 Rb3+ 32. Rd3 Rcb4 33. Red2
Rxb2 34. Rxb2 Rxb2 35. Kf3 f5 36. gxf6 g6 37. Kg4 Kf7 38. Kxh4 Kxf6 39. Kg4
Rg2+ 40. Kf3 Rg1 41. Kf2 Rh1 42. Kg2 Re1 43. Kf3 Kf5 44. Re3 Rf1+ 45. Kg3 Rd1
46. Re5+ Kf6 47. h4 Rxd4 48. h5 gxh5 49. Rxh5 Rd3+ 50. Kf2 d4 51. Ra5 Re3 52.
Rb5 Rh3 53. Ke2 d3+ 54. Kd2 Rf3 55. Ra5 Rxf4 56. Kxd3 Rf5 57. Ra8 Rb5 58. Rh8
Rb3+ 59. Ke4 Rb4+ 60. Ke3 Ke5 61. Rh5+ Kd6 62. Rh8 Kd5 63. Rd8+ Ke5 64. Rh8
Rb3+ 65. Ke2 Kd5 66. Rh7 e5 67. Rh8 Kd4 68. Kd2 Rb2+ 69. Ke1 e4 70. Rh3 Ke5 71.
Ra3 Kf4 72. Rc3 Kg4 73. Ra3 Rh2 74. Rb3 Rh5 75. Ke2 Kf4 76. Ke1 Ra5 77. Rc3 e3
78. Rc8 Ra4 79. Ke2 Ra2+ 80. Ke1 1/2-1/2

[Event "Championnat de France - Veterans"]
[Site "Belfort - SNPHHUATVS"]
[Date "2010.??.??"]
[Round "3.6"]
[White "Birens, Eric-Andre"]
[Black "Molet, Asher"]
[Result "0-1"]
[WhiteElo "2024"]
[BlackElo "1830"]
[PlyCount "24"]

1. d4 d5 2. c4 e6 3. Nc3 Be7 4. Nf3 Nf6 5. e3 O-O 6. Qc2 Nbd7 7. b3 b6 8. Bb2
Bb7 9. Be2 Rc8 10. O-O c5 11. Rad1 Qc7 12. Ne5 a6 0-1

[Event "Championnat de France - Veterans"]
[Site "Belfort - SNPHHUATVS"]
[Date "2010.??.??"]
[Round "3.7"]
[White "Touze, Jean-Paul"]
[Black "Jouhaneau, Jacques"]
[Result "1-0"]
[WhiteElo "1998"]
[BlackElo "1819"]
[PlyCount "121"]

1. e4 c5 2. Bc4 d6 3. d3 e6 4. Nc3 a6 5. a4 Nf6 6. Ba2 Qc7 7. Nge2 Nbd7 8. O-O
Be7 9. f4 b6 10. Ng3 Bb7 11. f5 e5 12. Nh5 O-O 13. Bg5 Qd8 14. Nxf6+ Nxf6 15.
Bxf6 Bxf6 16. Bd5 Rb8 17. Rf3 Bg5 18. Bxb7 Rxb7 19. Nd5 f6 20. Qe1 b5 21. h4
Bh6 22. b3 g5 23. fxg6 hxg6 24. axb5 axb5 25. b4 c4 26. dxc4 bxc4 27. Qf1 Kg7
28. h5 gxh5 29. Qxc4 Bg5 30. Qc6 Rff7 31. Rfa3 Qd7 32. Qxd7 Rfxd7 33. c4 Kg6
34. Ra6 Rb8 35. b5 Rc8 36. Rc6 Rcd8 37. b6 Rb8 38. Rc7 Rdd8 39. Raa7 Bh6 40.
Ne7+ Kg5 41. Nc6 Kf4 42. Nxd8 Kxe4 43. Nb7 Be3+ 44. Kf1 Bxb6 45. Nxd6+ Kf4 46.
g3+ Kxg3 47. Rg7+ Kf4 48. Rab7 Rxb7 49. Nxb7 Bd4 50. c5 e4 51. Ke2 f5 52. c6
Bb6 53. Nd6 h4 54. Rf7 h3 55. Rxf5+ Kg4 56. Rb5 h2 57. Rb1 Bg1 58. c7 h1=Q 59.
c8=Q+ Kf4 60. Qf5+ Kg3 61. Nxe4+ 1-0

[Event "Championnat de France - Veterans"]
[Site "Belfort - SNPHHUATVS"]
[Date "2010.??.??"]
[Round "3.8"]
[White "Siberchicot, Robert"]
[Black "Nemety, Laszlo"]
[Result "0-1"]
[WhiteElo "1820"]
[BlackElo "2091"]
[PlyCount "58"]

1. e4 Nc6 2. Nf3 d6 3. g3 Nf6 4. Nc3 Bg4 5. Bg2 e5 6. d3 Qc8 7. h3 Bd7 8. Bg5
Be7 9. Bxf6 Bxf6 10. Qd2 Ne7 11. O-O-O c5 12. g4 h6 13. Kb1 b5 14. Nd5 Nxd5 15.
exd5 Qb7 16. c4 Rb8 17. Rhe1 O-O 18. b3 a5 19. g5 hxg5 20. Nxg5 a4 21. Ne4 Be7
22. Qc2 f5 23. Nd2 Bf6 24. cxb5 Bxb5 25. Nc4 Qa6 26. Bf1 Rf7 27. f4 Rfb7 28.
fxe5 axb3 29. axb3 Bxc4 0-1

[Event "Championnat de France - Veterans"]
[Site "Belfort - SNPHHUATVS"]
[Date "2010.??.??"]
[Round "3.9"]
[White "Flamant, Jacky"]
[Black "Peyrin, Jean"]
[Result "0-1"]
[WhiteElo "1852"]
[BlackElo "1938"]
[PlyCount "150"]

1. e4 c5 2. Nf3 e6 3. d4 cxd4 4. Nxd4 Nc6 5. Nc3 d6 6. Be2 Be7 7. O-O Nf6 8.
Be3 O-O 9. Qd2 a6 10. Rad1 Bd7 11. f4 Nxd4 12. Bxd4 Bc6 13. e5 dxe5 14. Bxe5
Qxd2 15. Rxd2 b5 16. Bf3 Rac8 17. Bxc6 Rxc6 18. a3 b4 19. axb4 Bxb4 20. Rd3
Bc5+ 21. Bd4 Bxd4+ 22. Rxd4 Rb8 23. Rfd1 g6 24. Rd8+ Rxd8 25. Rxd8+ Kg7 26. Rd2
h5 27. h3 h4 28. Kf1 Rc4 29. Ne2 Nd5 30. c3 Nxf4 31. Rd6 a5 32. b3 Re4 33. Nxf4
Rxf4+ 34. Ke2 Kf6 35. c4 a4 36. bxa4 Rxc4 37. a5 Ra4 38. a6 Ke5 39. Rb6 f5 40.
Rb5+ Kf6 41. Rb6 g5 42. Rc6 g4 43. hxg4 fxg4 44. Kf2 Kf5 45. Ke3 h3 46. Rc5+ e5
47. gxh3 gxh3 48. Rc6 Ra3+ 49. Kf2 Kf4 50. Rf6+ Kg5 51. Re6 Kf5 52. Rh6 Kg4 53.
Rg6+ Kf4 54. Rf6+ Ke4 55. Rh6 Ra2+ 56. Kg3 h2 57. a7 Rxa7 58. Rxh2 Ra3+ 59. Kg4
Ra8 60. Re2+ Kd4 61. Rd2+ Ke3 62. Rd7 Rf8 63. Re7 e4 64. Kg3 Rg8+ 65. Kh2 Kf3
66. Rf7+ Ke2 67. Re7 e3 68. Kh3 Kf2 69. Rf7+ Ke1 70. Kh2 e2 71. Kh1 Rg5 72. Kh2
Kd2 73. Rd7+ Ke3 74. Re7+ Kf3 75. Rf7+ Ke4 0-1

[Event "Championnat de France - Veterans"]
[Site "Belfort - SNPHHUATVS"]
[Date "2010.??.??"]
[Round "3.10"]
[White "Mounier, Michel"]
[Black "Andrieu, Philippe"]
[Result "0-1"]
[WhiteElo "1839"]
[BlackElo "1935"]
[PlyCount "50"]

1. e4 Nc6 2. d4 e5 3. d5 Nce7 4. Nf3 Ng6 5. c4 Nf6 6. Bd3 Bc5 7. O-O O-O 8. Nc3
a6 9. a3 d6 10. h3 Bd7 11. b4 Ba7 12. Ne2 Nh5 13. Bg5 f6 14. Bd2 f5 15. Qc2 f4
16. Kh2 Nh4 17. Neg1 Nxf3+ 18. Nxf3 Nf6 19. c5 Qe8 20. Rac1 Qh5 21. Ng1 Ng4+
22. Kh1 f3 23. g3 Ne3 24. fxe3 Bxh3 25. Rf2 Bg2# 0-1

[Event "Championnat de France - Veterans"]
[Site "Belfort - SNPHHUATVS"]
[Date "2010.??.??"]
[Round "4.1"]
[White "Hoyer, Hans-Gerd"]
[Black "Goldenberg, Richard"]
[Result "1/2-1/2"]
[WhiteElo "2078"]
[BlackElo "2356"]
[PlyCount "97"]

1. e4 e5 2. Bc4 Nf6 3. d4 exd4 4. Nf3 Nc6 5. O-O Nxe4 6. Re1 d5 7. Bxd5 Qxd5 8.
Nc3 Qa5 9. Nxe4 Be6 10. Neg5 O-O-O 11. Nxe6 fxe6 12. Ng5 Qf5 13. g4 Qd5 14. Nf7
Bb4 15. Nxd8 Rxd8 16. Bd2 Bxd2 17. Qxd2 Ne5 18. Rxe5 Qxe5 19. Re1 Qd5 20. Qe2
Qxa2 21. b3 Rd6 22. Qb5 b6 23. Qc4 Kb7 24. f4 Qa6 25. Qb4 Qa5 26. Qxa5 bxa5 27.
Kg2 Kb6 28. Kg3 d3 29. cxd3 Rxd3+ 30. Kh4 Rxb3 31. Rxe6+ c6 32. f5 a4 33. Re4
Kb5 34. Re7 a5 35. Rxg7 a3 36. Rb7+ Ka4 37. Rxb3 a2 38. f6 a1=Q 39. Rf3 Qe1+
40. Kg5 Qe8 41. f7 Qf8 42. Kf6 c5 43. Rf4+ Kb3 44. Re4 c4 45. Re8 Qh6+ 46. Ke7
Qg5+ 47. Kd7 Qxg4+ 48. Re6 Qg7 49. Ke8 1/2-1/2

[Event "Championnat de France - Veterans"]
[Site "Belfort - SNPHHUATVS"]
[Date "2010.??.??"]
[Round "4.2"]
[White "Letzelter, Jean-Claude"]
[Black "Touze, Jean-Paul"]
[Result "1-0"]
[WhiteElo "2165"]
[BlackElo "1998"]
[PlyCount "51"]

1. e4 g6 2. d4 Bg7 3. c4 c5 4. d5 d6 5. Bd3 Nf6 6. Nc3 O-O 7. Nge2 Ng4 8. Bg5
Ne5 9. O-O Nbd7 10. f4 Nxd3 11. Qxd3 a6 12. a4 b6 13. Rae1 Re8 14. e5 dxe5 15.
d6 Nf8 16. Nd5 Qxd6 17. Nxe7+ Qxe7 18. Bxe7 Rxe7 19. Qd8 Re6 20. f5 gxf5 21.
Rxf5 Rg6 22. Rf2 Rb8 23. Qc7 Nd7 24. Ref1 e4 25. Rxf7 Be5 26. Qd8+ 1-0